Solitarios : (Record no. 22810)

000 -CABECERA
fixed length control field 01014nam a22002537i 4500
003 - IDENTIFICADOR DEL NÚMERO DE CONTROL
control field AR-CdUCM
008 - DATOS DE LONGITUD FIJA--INFORMACIÓN GENERAL
fixed length control field 240326b20222022pe ||||| |||| 00| 0 spa d
020 ## - NÚMERO INTERNACIONAL ESTÁNDAR DEL LIBRO
ISBN 978-612-5031-18-1
040 ## - FUENTE DE LA CATALOGACIÓN
Agencia/entidad que catalogó originalmente la obra MUNICIPALIDAD PROVINCIAL DEL CUSCO
Entidad que transcribió la catalogación BIBLIOTECA MUNICIPAL DEL CUSCO
082 ## - NÚMERO DE LA CLASIFICACIÓN DECIMAL DEWEY
No. de Clasificación 869.57 / A47
Notacion interna A47
100 ## - ENTRADA PRINCIPAL--NOMBRE DE PERSONA
Nombre Personal Álvarez Fernández, Edwing
245 ## - MENCIÓN DE TÍTULO
Título Solitarios :
Resto del título Un exponente de la narrativa arequipeña de los noventa /
260 ## - PUBLICACIÓN, DISTRIBUCIÓN, ETC.
Lugar de publicación, distribución, etc. Arequipa :
Nombre de la editorial, distribuidor, etc. Universidad Católica de Santa María,
Fecha de publicación, distribución, etc. 2022
300 ## - DESCRIPCIÓN FÍSICA
Nº de Páginas Extensión 379 páginas. :
Dimensiones 23 cm.
505 ## - NOTA DE CONTENIDO CON FORMATO
Nota de contenido formateada Solitarios por solitarios -- La generación de los noventa -- Cuentos, brevicuentos, crónicas de viajes, poemas y canciones -- Los otros solitarios
700 ## - PUNTO DE ACCESO ADICIONAL--NOMBRE DE PERSONA
Nombre Personal Coaguila Valdivia, Jaime
9 (RLIN) 49515
700 ## - PUNTO DE ACCESO ADICIONAL--NOMBRE DE PERSONA
Nombre Personal De Taboada Amat y León, Javier
9 (RLIN) 49517
700 ## - PUNTO DE ACCESO ADICIONAL--NOMBRE DE PERSONA
Nombre Personal Días Butrón, Max
9 (RLIN) 49518
700 ## - PUNTO DE ACCESO ADICIONAL--NOMBRE DE PERSONA
Nombre Personal Pacheco Abarca, Luis
9 (RLIN) 49519
700 ## - PUNTO DE ACCESO ADICIONAL--NOMBRE DE PERSONA
Nombre Personal Zevallos Delgado, Gilmar
9 (RLIN) 49520
942 ## - ELEMENTOS DE PUNTO DE ACCESO ADICIONAL (KOHA)
Fuente de clasificación
Tipo de item Libros-BMC
945 ## - PROCESAMIENTO DE INFORMACIÓN LOCAL (OCLC)
Catalogador pbj
AAAA-MM-DD - Fecha de ingreso o modificacion 26-03-2024
Holdings
Estado de retiro (separado) Fuente de clasificación o esquema de estanterías Estado dañado Ubicación Sala donde se ubica Nombre de la colección Fecha de adquisición o compra Fuente de adquisición Costo, precio normal en soles Signatura topográfica Código de Barras Última vez visto (Koha) Tipo de ítem (Koha)
No     Sala Humanidades Sala Humanidades Book Cart 2024-03-26 Donación 30.00 869.57 / A47 SH0000016638 2024-03-26 Libros-BMC
No     Sala Humanidades Sala Humanidades Book Cart 2024-03-26 Donación 30.00 869.57 / A47 / e.2 SH0000016639 2024-03-26 Libros-BMC

Powered by Koha